=LDR 00000nam 2200000 4500 =001 INLIS000000000041998 =005 20220405085754 =035 ##$$a 0010-061300000041998 =008 220405################g##########0#ind## =041 ##$$a ind =082 ##$$a 332.1 =090 ##$$a 332.1, Luk m =100 ##$$a Lukman Dendawijaya =245 1#$$a Manajemen perbankan /$c Ir. Drs. Lukman Dendawjaya, M.M., ; Editor, Risman Sikumbang =260 ##$$a Jakarta :$b Ghalia Indonesia,$c 2003 =300 ##$$a xiv, 337 hlm. ; $c 25 x 18 cm. =650 #4$$a Manajemen Perbankan =700 #$$a Risman Sikumbang =850 ##$$a NBPNMAT =020 ##$$a 979-450-510-2 =084 ##$$a 332.1 LUK m =250 ##$$a cet. 2 =500 ##$$a Biografi hlm. 337 =990 ##$$a 91511/BPAP-NTB/2014 =990 ##$$a 51200543